| 000 | 00663nam a2200205 a 4500 | ||
|---|---|---|---|
| 005 | 20251203063949.0 | ||
| 008 | 030310s2001 mx r 000 0 spa d | ||
| 020 | _a9682464781 | ||
| 035 | _aUPN01000122723 | ||
| 049 | _aCG | ||
| 050 | 4 |
_aLB1632 _bM3.2 |
|
| 100 | 1 |
_aMárquez Hermosillo, Mónica _939134 |
|
| 245 | 1 | 0 |
_aActivar el lenguaje : _bclaves para la lectura y la escritura en bachillerato / _cMónica Márquez Hermosillo. |
| 260 |
_aMéxico : _bITESM : _bTrillas, _c2001. |
||
| 300 | _a210 p. | ||
| 500 | _a"Preedición" | ||
| 650 | 4 |
_aLectura _xEstudio y enseñanza (Media superior) _926027 |
|
| 650 | 4 |
_aIntereses en la lectura _94851 |
|
| 905 | _aLibro | ||
| 999 |
_c94906 _d94906 |
||